000 00984nam a22002057a 4500
005 20260520103851.0
020 _a9789361313394
041 _aENG
082 _a362.11068
_bABA
100 _aGhosh, Abantika
245 _aGames hospitals play :
_bdecoding your private healthcare experience /
_cAbantika Ghosh.
260 _aNew Delhi :
_bBloomsbury Publishing India ,
_c2025.
300 _a199 p. ;
_c18 cm.
504 _aIncludes bibliographical references and index.
505 _aIntroduction -- 1. The MRP trap -- 2. One surgery for the price of two -- 3. The package deal -- 4. The hidden costs -- 5. to refer or not to refer -- 6. Monitoring is a money-spinner -- 7. Emergencies feed bottom lines -- 8. Do you have insurance? -- 9. Too much of a good thing -- 10. Medicine beyond borders -- 11. The cutting edge -- 12. Acting the playbook.
650 _aMedical care
_zIndia
650 _aHealth services aministration
650 _aHospital management
942 _2ddc
_cBK
999 _c24350
_d24350